000 00424nam a2200169 4500
005 20260309105033.0
008 260211b |||||||| |||| 00| 0 eng d
020 _a978-1-3985-2749-2
041 _aEnglish
082 _aX 920 ISA B12206
_bB12206
100 _aIsaacson, Walter
245 _aElon Musk
260 _aNew Delhi
_bSimon and Schuster
_c2023
300 _axi,670p
_bHB
365 _aRupaye
_b635
942 _cBK
999 _c370406
_d370406